| 000 | 01683cam a22004214i 4500 | ||
|---|---|---|---|
| 003 | PE-LiUPU | ||
| 005 | 20250731172930.0 | ||
| 008 | s1968 ilu |r 000 0 eng d | ||
| 035 | _a(Sirsi) a204309 | ||
| 040 |
_aPE-LiUPU _bspa _cPE-LiUPU _erda |
||
| 049 | _aPRUA | ||
| 082 | 0 | 4 |
_a231 _bS29 _221 |
| 100 | 1 |
_aSchaeffer, Francis A., _eautor. |
|
| 245 | 1 | 4 |
_aThe God who is there / _cFrancis A. Schaeffer. |
| 264 | 1 |
_aIllinois : _bVarsity, _c1968. |
|
| 300 |
_a191 páginas ; _c20 centímetros. |
||
| 336 |
_atext _2rdacontent |
||
| 337 |
_aunmediated _2rdamedia |
||
| 338 |
_avolume _2rdacarrier |
||
| 505 | 2 | _aThe gulf is fixed -- The first step in the line of despair: philosophy -- The second step: Art -- The third and fourth steps: Musicand the general culture -- The unifying factor in the steps of despair -- The relationship of the new theology to the intellectual climate -- How historic christianity differs from the new theology -- Speaking historic christianity into the twentieth century climate .. Personal and corporate living into the twentieth century climate. | |
| 526 | _aSEG42 | ||
| 526 | _aSEG41 | ||
| 526 | _aSEG40 | ||
| 526 | _aSEG39 | ||
| 526 | _aP94 | ||
| 526 | _aP87 | ||
| 526 | _aP86 | ||
| 526 | _aP85 | ||
| 526 | _aP77 | ||
| 526 | _aP76 | ||
| 526 | _aP35 | ||
| 650 | 0 | 4 |
_aDios _xTeología |
| 942 |
_2ddc _cBOOK |
||
| 994 |
_aC0 _bPEPRU |
||
| 596 | _a1 | ||
| 999 |
_a231 S29 _wLC _c20676 _i76078 _f2021-11-9 _g4 _lCCODEBUL1 _mBUL _p10.00 _r0 _sY _tBOOK _u2017-6-8 _xTEOLOGIA _PP85 _0COMPRA _o.STAFF. Colección General _d20676 |
||
| 980 |
_81 _gALBERTO SANCHEZ Responsable de Automatización |
||